000 00830cam a2200265 i 4500
999 _c5668
_d5668
001 5668
003 Mx-PuUPA
005 20200806164443.0
008 140415s1990 sp gr 001 0 spa d
020 _a848718961X
040 _aMx-PuUPA
_bspa
_cMx-PuUPA
_dMx-PuUPA
_erda
041 0 _aspa
100 1 _aBrilman, Jean,
_d1939
_eautor
_910589
245 1 0 _aManual de valoración de empresas /
_cJean Brilman, Claude Maire
264 4 _aMadrid :
_bEdiciones Díaz de Santos,
_c©1990
300 _axvi, 367 páginas ;
_c24 cm
336 _atexto
_2rdacontent
_btxt
337 _asin medio
_2rdamedia
_bn
338 _avolumen
_2rdacarrier
_bnc
650 4 _aAdministración financiera
700 1 _aMaire, Claude,
_eautor
942 _2ddc
_cLI
_h658.1513
_iB8491